000 00885nam a2200229 i 4500
001 172253
003 ES-MaACL
005 20251223063022.0
007 t|
008 090619s1981 fr ||||1| fre d
080 _a782.1
100 0 _aHofmannsthal, Hugo von
_963966
245 1 0 _aArabella
_b: lyrische Komödie in drei Aufzügen = comédie lyrique en trois actes /
_cmusique de Richard Strauss (1864-1949) ; livret de Hugo von Hofmannsthal ; traduction française de Nicole Casanova.
260 _aParis :
_bGerard Billaudot,
_c1981.
300 _a165 p. ;
_c18 cm.
490 1 _aOpéra de Paris. Bilingue
650 4 _aÓperas-
_vLibretos.
_9137584
700 1 _aStrauss, Richard,
_d1864-1949
_9240557
830 0 _aOpéra de Paris. Bilingue
_9189043
852 4 _aES-MaACL
_jE-12719
_9R.190299
_z. - Biblioteca Jacinto Martínez Lacalle
999 _c172253
_d172253